LDR 00759naa#a2200169#i#450# 001 RU\RIOR\bibl\126501 005 20260629072751.1 011 ## _a2409-6024 100 ## _a20260530b2026####ek#y0rusy0150####ca 102 ## _aRU 200 1# _aК ВОПРОСУ СОВЕРШЕНСТВОВАНИЯ ГОСУДАРСТВЕННОГО КОНТРОЛЯ ПРИ УПРАВЛЕНИИ ЗАКУПКАМИ _eЖурнальная статья 210 1# _aМосква _cООО "Издательский Центр РИОР" _d2026 215 ## _a9 с. 608 ## _aЖурнальная статья _2local 675 ## _aГосударственный бюджет. Национальный бюджет. 336.14 _z 700 #1 _aИванченко _gНадежда Шавкатовна 856 4# _arusjm.ru _u